000 00405cam a2200157ua 4500
041 _aeng
_h
082 _a823.301
_bGOG/EV
100 _aGogol, Nikolai .
245 _aEvenings near the village of Dikanha /
_cNikolai Gogol.
_hTextual Documents
250 _a1 /
_b.
260 _aMoscow :
_bForeign Language Publishing House.
300 _a276 ; .
504 _a
942 _cBK
999 _c7854
_d7854